Statistics for Historical Leaders by Date #2

Click here to take the quiz!

General Stats

  • This quiz has been taken 24,753 times
  • The average score is 11 of 20

Answer Stats

CountryYearsAnswer% Correct
Soviet Union1922–1953Joseph Stalin
98%
United States1933–1945Franklin D. Roosevelt
91%
Germany1933–1945Adolf Hitler
90%
Italy1922–1943Benito Mussolini
85%
United Kingdom
(Prime Minister)
1979–1990Margaret Thatcher
79%
Iraq1979–2003Saddam Hussein
77%
Spain1936–1975Francisco Franco
72%
France1959–1969Charles de Gaulle
68%
Yugoslavia1953–1980Josip Broz Tito
60%
Russia1762–1796Catherine the Great
58%
Florence1469–1492Lorenzo de' Medici
49%
England1653–1658Oliver Cromwell
49%
Wallachia1448–1476Vlad the Impaler
44%
Sparta489BC–480BCLeonidas
42%
Roman Empire306–337Constantine
35%
Egypt1970–1981Anwar Sadat
31%
India1947–1964Jawaharlal Nehru
29%
Japan
(Prime Minister)
1941–1944Hideki Tojo
27%
Persian Empire559BC–530BCCyrus the Great
24%
Mughal Empire1556–1605Akbar
11%

Score Distribution

Percentile by Number Answered

Percent of People with Each Score

Your Score History

You have not taken this quiz